<?xml version="1.0" encoding="UTF-8"?>
<record
    xmlns:xsi="http://www.w3.org/2001/XMLSchema-instance"
    xsi:schemaLocation="http://www.loc.gov/MARC21/slim http://www.loc.gov/standards/marcxml/schema/MARC21slim.xsd"
    xmlns="http://www.loc.gov/MARC21/slim">

  <leader>00741nam a2200169Ia 4500</leader>
  <controlfield tag="008">090711s9999    xx            000 0 und d</controlfield>
  <datafield tag="082" ind1=" " ind2=" ">
    <subfield code="b">649</subfield>
  </datafield>
  <datafield tag="100" ind1=" " ind2=" ">
    <subfield code="a">&#x917;&#x93E;&#x92F;&#x915;&#x935;&#x93E;&#x921; &#x92C;&#x93E;&#x92C;&#x941;&#x930;&#x93E;&#x935;</subfield>
  </datafield>
  <datafield tag="245" ind1=" " ind2=" ">
    <subfield code="a">&#x938;&#x93E;&#x939;&#x93F;&#x924;&#x94D;&#x92F; &#x935;&#x948;&#x92D;&#x935; (&#x905;&#x928;&#x941;&#x935;&#x93E;&#x926;&#x93F;&#x924; &#x932;&#x947;&#x916;&#x938;&#x902;&#x917;&#x94D;&#x930;&#x939;)</subfield>
  </datafield>
  <datafield tag="260" ind1=" " ind2=" ">
    <subfield code="b">&#x936;&#x94D;&#x930;&#x940; &#x938;&#x92E;&#x930;&#x94D;&#x925; &#x92A;&#x94D;&#x930;&#x915;&#x93E;&#x936;&#x928;</subfield>
    <subfield code="c">1997</subfield>
  </datafield>
  <datafield tag="300" ind1=" " ind2=" ">
    <subfield code="a">84</subfield>
  </datafield>
  <datafield tag="600" ind1=" " ind2=" ">
    <subfield code="a">&#x917;&#x93E;&#x92F;&#x915;&#x935;&#x93E;&#x921; &#x92C;&#x93E;&#x92C;&#x941;&#x930;&#x93E;&#x935;</subfield>
  </datafield>
  <datafield tag="630" ind1=" " ind2=" ">
    <subfield code="a">&#x938;&#x93E;&#x939;&#x93F;&#x924;&#x94D;&#x92F; &#x935;&#x948;&#x92D;&#x935; (&#x905;&#x928;&#x941;&#x935;&#x93E;&#x926;&#x93F;&#x924; &#x932;&#x947;&#x916;&#x938;&#x902;&#x917;&#x94D;&#x930;&#x939;)</subfield>
  </datafield>
  <datafield tag="700" ind1=" " ind2=" ">
    <subfield code="a">&#x917;&#x93E;&#x92F;&#x915;&#x935;&#x93E;&#x921; &#x92C;&#x93E;&#x92C;&#x941;&#x930;&#x93E;&#x935;</subfield>
  </datafield>
  <datafield tag="730" ind1=" " ind2=" ">
    <subfield code="a">&#x938;&#x93E;&#x939;&#x93F;&#x924;&#x94D;&#x92F; &#x935;&#x948;&#x92D;&#x935; (&#x905;&#x928;&#x941;&#x935;&#x93E;&#x926;&#x93F;&#x924; &#x932;&#x947;&#x916;&#x938;&#x902;&#x917;&#x94D;&#x930;&#x939;)</subfield>
  </datafield>
  <datafield tag="942" ind1=" " ind2=" ">
    <subfield code="c">BOOK</subfield>
  </datafield>
  <datafield tag="999" ind1=" " ind2=" ">
    <subfield code="c">324146</subfield>
    <subfield code="d">324146</subfield>
  </datafield>
</record>
